Statistics for 17-18 Premier League Nationalities

Click here to take the quiz!

General Stats

  • This quiz has been taken 135 times
  • The average score is 44 of 66

Answer Stats

ContinentAnswer% Correct
EuropeEngland
96%
EuropeSpain
96%
EuropeGermany
95%
EuropeIreland
94%
EuropeFrance
93%
South AmericaBrazil
92%
South AmericaArgentina
90%
EuropeItaly
89%
EuropePortugal
89%
EuropeBelgium
88%
North AmericaUnited States of America
88%
EuropeScotland
87%
EuropeSweden
87%
EuropeWales
87%
EuropeNetherlands
86%
OceaniaAustralia
83%
North AmericaMexico
82%
EuropeDenmark
81%
AfricaEgypt
81%
North AmericaCanada
79%
EuropeCroatia
79%
EuropeNorthern Ireland
79%
EuropeNorway
79%
EuropePoland
79%
EuropeSwitzerland
79%
EuropeSerbia
78%
EuropeAustria
77%
AsiaSouth Korea
77%
EuropeFinland
74%
AsiaJapan
73%
South AmericaColombia
72%
AfricaSenegal
72%
South AmericaChile
71%
AfricaNigeria
70%
EuropeBosnia and Herzegovina
69%
EuropeGreece
68%
AfricaAlgeria
67%
South AmericaPeru
67%
EuropeUkraine
67%
AfricaGhana
65%
EuropeIceland
65%
EuropeCzech Republic
64%
OceaniaNew Zealand
64%
AfricaMorocco
63%
EuropeSlovenia
63%
South AmericaUruguay
63%
AfricaCameroon
62%
AfricaIvory Coast
61%
EuropeRomania
60%
EuropeHungary
56%
South AmericaEcuador
55%
EuropeEstonia
54%
North AmericaJamaica
45%
AfricaTunisia
45%
South AmericaVenezuela
45%
AfricaMali
35%
EuropeMontenegro
35%
AfricaDemocratic Republic of the Congo
33%
EuropeMacedonia
31%
EuropeArmenia
29%
AfricaKenya
29%
AsiaIsrael
28%
AfricaGabon
26%
AfricaBenin
15%
North AmericaCuracao
5%
North AmericaBermuda
3%

Score Distribution

Percentile by Number Answered

Percent of People with Each Score

Your Score History

You have not taken this quiz